=LDR 00000nam 2200000 4500 =001 INLIS000000000034023 =005 20130612135937 =008 ***********************************ind** =035 ##$$a0010-061300000034023 =041 ##$$a ind =090 ##$$a 650.1, Her b =100 ##$$a Hartanti, Dewi =245 ##$$a Bisnis franchse modal 2 juta, Aneka bisnis franchise modal 2.20 jutaan, Dewi hartanti =260 ##$$a 2009 $b Yogyakarta =300 ##$$a 228 hlm, Ilus, 23 cm =650 ##$$a Sukses Berbisnis =850 ##$$a NBPNMAT =990 ##$$a 92805/BPAP-NTB/2014 =990 ##$$a 21400613/BPAP-NTB/20142014